书目信息 |
| 题名: |
中华人民共和国档案工作纪实
|
|
| 作者: | 吴宝康 编 | |
| 分册: | 1949-1981 | |
| 出版信息: | 西宁 青海人民出版社 1983.07 |
|
| 页数: | 171页 | |
| 开本: | 20cm | |
| 丛书名: | ||
| 单 册: | ||
| 中图分类: | G279.29 | |
| 科图分类: | ||
| 主题词: | 档案学 , 档案工作 | |
| 电子资源: | ||
| ISBN: | ||
| 000 | 00605nam0 2200205 450 | |
| 001 | 0637520015 | |
| 005 | 20060809102753.85 | |
| 010 | @dCNY0.47 | |
| 100 | @a20060809d1983 km y0chiy0120 ea | |
| 101 | 0 | @achi |
| 102 | @aCN@b640000 | |
| 200 | 1 | @a中华人民共和国档案工作纪实@Azhong hua ren min gong he guo dang an gong zuo ji shi@h1949-1981@f吴宝康等编@Fwu bao kang deng bian |
| 210 | @a西宁@c青海人民出版社@d1983.07 | |
| 215 | @a171页@d20cm | |
| 606 | 0 | @a档案学 |
| 606 | 0 | @a档案工作 |
| 690 | @aG279.29@v3 | |
| 701 | 0 | @a吴宝康@Awu bao kang@4编 |
| 801 | 0 | @aCN@bPFT@c20060809 |
| 905 | @a10447@dG279.29@e38 | |
| 中华人民共和国档案工作纪实.1949-1981/吴宝康等编.-西宁:青海人民出版社,1983.07 |
| 171页;20cm |
| ISBN :CNY0.47 |
| ● |
| 相关链接 |
|
|
|
|
正题名:中华人民共和国档案工作纪实
索取号:G279.29/38
 
预约/预借
| 序号 | 登录号 | 条形码 | 馆藏地/架位号 | 状态 | 备注 |
| 1 | 0448347 | 204483479 | 密集书库/ [索取号:G279.29/38] | 在馆 | |
| 2 | 0449964 | 204499649 | 密集书库/ [索取号:G279.29/38] | 在馆 |